Logo BPK

Bibliografia Prac Pracowników

Politechniki Koszalińskiej

Surface effects in micromackining of metals and alloys / (Rekord nr 7120)

Szczegóły MARC
000 -ETYKIETA REKORDU
podpole kontrolne o stałej długości 00833nab a2200205 i 4500
001 - NUMER KONTROLNY REKORDU
podpole kontrolne BPP
003 - IDENTYFIKATOR NUMERU KONTROLNEGO REKORDU
podpole kontrolne BPK
005 - DATA OSTATNIEJ MODYFIKACJI REKORDU
podpole kontrolne 20160107114404.0
008 - POLE O STAŁEJ DŁUGOŚCI - DANE KONTROLNE
podpole kontrolne o stałej długości 140430s1989 sz f |000 0 eng
040 ## - ŹRÓDŁO KATALOGOWANIA
Instytucja, która utworzyła rekord BPK
041 ## - KOD JĘZYKA
Kod języka tekstu eng
044 ## - KOD KRAJU WYDAWCY/PRODUCENTA
Kod kraju wydawcy/producenta CHE
100 ## - NAZWA OSOBOWA
Nazwa osobowa HRYNIEWICZ, Tadeusz.
Lata pracy 1971 - 1996.
Instytucja Wyższa Szkoła Inżynierska w Koszalinie - Wydział Mechaniczny,
Wydział Zakład Elektrotechniki i Elektrochemii
245 ## - TYTUŁ/ODPOWIEDZIALNOŚĆ
Tytuł Surface effects in micromackining of metals and alloys /
Pozostałe elementy strefy tytułu i oznaczenia odpowiedzialności Tadeusz Hryniewicz, Wiesław Skubała.
260 ## - STREFA ADRESU WYDAWNICZEGO
Data publikacji, dystrybucji/powstania dokumentu 1989.
500 ## - UWAGI OGÓLNE
Tekst uwagi Dane z kartoteki bpp.
773 ## - TYTUŁ DOKUMENTU MACIERZYSTEGO
Wyrażenie wprowadzające W :
Tytuł Surface and Coatings Technology. -
Informacje dotyczące relacji 1989, vol. 38, s. 281-287
700 ## - HASŁO DODATKOWE - NAZWA OSOBOWA
Nazwa osobowa SKUBAŁA, Wiesław.
Lata pracy 1980 - 1995.
Instytucja Wyższa Szkoła Inżynierska w Koszalinie - Wydział Mechaniczny,
Wydział Zakład Elektrotechniki i Elektrochemii
942 ## - HASŁO DODATKOWE - ELEMENTY(KOHA)
Typ dokumentu Artykuł
Schemat klasyfikacji Uniwersalna klasyfikacja dziesiętna
Egzemplarze
Wycofany Zagubiony Uszkodzony Dostępność Lokalizacja stała Lokalizacja bieżąca Sygnatura Typ dokumentu
      Dostępny Bibliografia Prac Pracowników - BPK Bibliografia Prac Pracowników - BPK 01224 Artykuł
© 2014 Biblioteka Politechniki Koszalińskiej :: BIBLIOGRAFIA PRAC PRACOWNIKÓW